000 00321nam a2200133Ia 4500
008 240624s9999 xx 000 0 und d
041 _aeng
082 _a332.024 BEN
100 _aBENARTZI SHLOMO
245 _aSAVE MORE TOMORROW PRACTICAL BEHAVIORAL
260 _c2012
_aUSA
_bPenguin
300 _a288 : p.
365 _c
999 _c20315
_d20315